Digital fundamentals (Record no. 5309)
[ view plain ]
| 000 -LEADER | |
|---|---|
| fixed length control field | 00290nam a2200133Ia 4500 |
| 082 ## - DEWEY DECIMAL CLASSIFICATION NUMBER | |
| Classification number | 621.3815 |
| Item number | FLO |
| 100 ## - MAIN ENTRY--PERSONAL NAME | |
| Personal name | Floyd, Thomas L. |
| 245 ## - TITLE STATEMENT | |
| Title | Digital fundamentals |
| 250 ## - EDITION STATEMENT | |
| Edition statement | 8th Ed. |
| 260 ## - PUBLICATION, DISTRIBUTION, ETC. (IMPRINT) | |
| Name of publisher, distributor, etc | Pearson |
| Place of publication, distribution, etc | N.Delhi |
| Year of Publication | 2009 |
| 300 ## - PAGE DESCRIPTION | |
| No. of Pages | 582p. |
| 700 ## - ADDED ENTRY--PERSONAL NAME | |
| Personal name | Jain,R.P |
| 942 ## - ADDED ENTRY ELEMENTS (KOHA) | |
| Source of classification or shelving scheme | Dewey Decimal Classification |
| Koha item type | Books |
| 942 ## - ADDED ENTRY ELEMENTS (KOHA) | |
| -- | 3 |
| Withdrawn status | Lost status | Source of classification or shelving scheme | Damaged status | Not for loan | Home library | Current library | Date acquired | SGTU | Total Checkouts | Total Renewals | Full call number | Accession No. (Barcode) | Date last seen | Date last borrowed | Bill Date | Koha item type |
|---|---|---|---|---|---|---|---|---|---|---|---|---|---|---|---|---|
| Lost and Paid For | Dewey Decimal Classification | SGT Engineering Library | SGT Engineering Library | 02/07/2011 | SGTU | 2 | 2 | 621.3815 FLO | FE3906 | 15/05/2018 | 11/05/2018 | 09/02/2015 | Books | |||
| Dewey Decimal Classification | SGT Engineering Library | SGT Engineering Library | 02/07/2011 | SGTU | 1 | 621.3815 FLO | FE3907 | 10/05/2018 | 07/05/2018 | 09/02/2015 | Books | |||||
| Dewey Decimal Classification | SGT Engineering Library | SGT Engineering Library | 02/07/2011 | SGTU | 2 | 621.3815 FLO | FE3908 | 28/08/2024 | 16/08/2024 | 09/02/2015 | Books | |||||
| Dewey Decimal Classification | SGT Engineering Library | SGT Engineering Library | 02/07/2011 | SGTU | 621.3815 FLO | FE3909 | 09/02/2015 | 09/02/2015 | Books | |||||||
| Dewey Decimal Classification | SGT Engineering Library | SGT Engineering Library | 02/07/2011 | SGTU | 1 | 621.3815 FLO | FE3910 | 23/02/2022 | 14/02/2022 | 09/02/2015 | Books |